000 00671nam a2200277Ia 4500
005 20260324142525.0
008 008 260324s9999 xx 000 0 eng d
020 _a9781315807157
037 _aEBOOK
040 _aCRL
040 _beng
040 _cCRL
041 _2eng
041 _aeng
084 _qCRL
100 _aRoger C. Schank; Alex Kass; Christopher K. Riesbeck
_91212252
245 0 _aInside Case-Based Explanation
260 _bTaylor and Francis
260 _c1994
365 _a
365 _b65.99
856 _uhttp://www.taylorfrancis.com/books/9781315807157
942 _cEBOOK
999 _c1816555
_d1816555